|
|
|
|
| LEADER |
00000ngm a2200000 a 4500 |
| 001 |
vtls008870748 |
| 003 |
SK-MaSNL |
| 005 |
20260301182931.0 |
| 007 |
vd cvaizu |
| 008 |
061026s2006 xo 105 g vlcze |
| 028 |
4 |
2 |
|a 99303
|b Intersonic
|
| 040 |
|
|
|a SNK
|b slo
|c SNK
|e AACR2
|
| 041 |
1 |
|
|a cze
|h eng
|
| 044 |
|
|
|a xo
|c SK
|
| 072 |
|
7 |
|a 791
|x Film. Cirkus. Ľudová zábava
|2 konspekt
|
| 080 |
|
|
|a 791.221.5
|2 2001
|
| 080 |
|
|
|a (0.034.44)
|2 2001
|
| 130 |
0 |
|
|a Re-Cycle
|l Česky
|9 557507
|
| 245 |
1 |
0 |
|a Re-cycle
|h videozáznam
|c [réžia Dany Pang, Oxide Pang Chun]
|
| 260 |
|
|
|a Bratislava
|b Intersonic
|c 2006
|
| 300 |
|
|
|a 1 videodisk (DVD) (105 min.)
|b fareb., zvuk.
|
| 521 |
1 |
|
|a Pre mládež do 15 r. nevhodné
|
| 538 |
|
|
|a Zvuk Dolby Digital; obraz PAL 16:9
|
| 546 |
|
|
|a DVD obsahuje český a maďarský dabing, trailery + bonus
|
| 655 |
|
7 |
|a DVD
|2 SNKPH
|9 70751
|
| 655 |
|
7 |
|a horory (filmy)
|2 SNKPH
|9 243197
|
| 655 |
|
7 |
|a hrané filmy
|2 SNKPH
|9 557508
|
| 700 |
1 |
|
|a Pang Chun, Oxide,
|d 1965-
|4 drt
|9 323357
|
| 700 |
1 |
|
|a Pang, Danny,
|d 1965-
|4 drt
|9 323356
|
| 999 |
|
|
|c 855257
|d 857187
|
| 952 |
|
|
|a SNK
|b SNK
|y PREZ
|7 0
|p 17A0525497
|o snkSDVD 130
|i snk2006/21869
|8 0
|0 0
|1 0
|4 0
|d 2006-10-26
|l 0
|r 2026-02-24 04:54:32
|w 2026-02-24
|